000
00295nam a22001337a 4500
008
170905b xxu||||| |||| 00| 0 eng d
020
_a
9780195418071
041
_a
eng
080
_a
070
100
_a
40
101
_a
MED
245
_a
COMMUNICATION FOR RESEARCH
_c
MEYER.C
942
_2
udc
_c
BK
999
_c
26090
_d
26090